000 00682nam a2200229Ia 4500
003 OSt
005 20220923230457.0
006 a|||||r|||| 00| 0
007 ta
008 220922b |||||||| |||| 00| 0 pan d
024 _a282,403
037 _cTextual
040 _aARTS
_cARTS
_bpan
041 _2pan
_apan
082 _aO153,3N48x, L7
100 _aਸਾਦਿਕ, ਅਵਤਾਰ ਸਿੰਘ
_9156274
245 0 _aਚਿਮਨੀਆਂ ਦੀ ਛਾਂਵੇ੍ਵ
260 _c1977
650 _aਪੰਜਾਬੀ ਸਾਹਿਤ
942 _hO153,3N48x, L7
_cTEXL
_2CC
999 _c385116
_d385116